The 1940s Movies Picture Quiz - Statistics

General Stats
  • This quiz has been taken 763 times
  • The average score is 14 of 50
Answer Stats
Picture Hint Answer % Correct
1940 Pinocchio
98%
1941 Dumbo
97%
1942 Bambi
96%
1943 Batman
96%
1940 Fantasia
85%
1942 Casablanca
79%
1944 Captain America
73%
1941 Citizen Kane
68%
1946 Its a Wonderful Life
61%
1949 Little Women
49%
1948 Hamlet
39%
1947 Miracle on 34th Street
38%
1941 The Maltese Falcon
38%
1948 The Red Shoes
35%
1949 The Third Man
32%
1944 Double Indemnity
27%
1944 Meet Me in St. Louis
27%
1943 Lassie Come Home
26%
1940 The Philadelphia Story
26%
1940 Rebecca
24%
1945 The Picture of Dorian Gray
22%
1942 Yankee Doodle Dandy
21%
1946 The Big Sleep
19%
1944 Going My Way
18%
1942 Mrs. Miniver
17%
1945 The Bells of St. Marys
17%
1946 The Best Years of Our Lives
17%
1948 The Treasure of the Sierra Madre
17%
1946 Notorious
16%
1945 Brief Encounter
15%
1941 Sergeant York
15%
1945 The Lost Weekend
15%
1944 Lifeboat
14%
1945 Spellbound
12%
1943 The Song of Bernadette
11%
1946 Great Expectations
10%
1943 Jane Eyre
10%
1948 Red River
10%
1949 All the Kings Men
8%
1948 Fort Apache
7%
1947 Gentlemans Agreement
7%
1947 The Lady from Shanghai
6%
1947 Brute Force
4%
1949 Battleground
3%
1940 Boom Town
3%
1941 Honky Tonk
3%
1949 Neptunes Daughter
3%
1942 Reap the Wild Wind
2%
1943 This Is the Army
2%
1947 Welcome Stranger
2%
No matching quizzes found
Score Distribution
Percent of People with Each Score
Percentile by Number Answered
Your Score History
You have not taken this quiz